[Event "FIDE Chesscom Online Nations Cup"]
[Site "Online"]
[Date "2020.05.06"]
[Round "4"]
[White "Dominguez Perez, Leinier"]
[Black "Aronian, Levon"]
[Result "0-1"]
[WhiteElo "2786"]
[BlackElo "2778"]
[Annotator "TA"]
[PlyCount "96"]
[EventDate "2020.05.05"]
[EventType "team-tourn"]
[SourceTitle "playchess.com"]
[Source "ChessBase"]
[SourceQuality "1"]
[WhiteTeam "United States"]
[BlackTeam "Europe"]
[WhiteTeamCountry "USA"]
[BlackTeamCountry "ARM"]

{[%evp 16,96,22,16,28,34,26,22,33,23,33,29,25,33,27,30,29,14,18,20,25,22,17,-16,-16,-28,0,-10,-10,-22,-10,-30,-27,-29,-21,-41,-22,-31,-22,-46,-46,-45,0,-42,-46,-63,-55,-61,-58,-61,-21,-77,-77,-77,-70,-83,-78,-70,-70,-148,-146,-143,-136,-137,-95,-97,-95,-104,-76,-242,-258,-221,-227,-622,-622,-612,-608,-6107,-1564,-29995,-1022,-29996,-29997]} 1. e4 e5 2. Nf3 Nf6 3. Nxe5 d6 4. Nf3 Nxe4 5. d4 d5 6. Bd3 Bd6 7. O-O O-O 8. c4 c6 9. Qc2 h6 $5 {[%mdl 4] An interesting side line. C42: Petroff Defence: 3 Nxe5 and unusual White 3rd moves.} 10. Re1 Be6 11. cxd5 cxd5 {The position is equal.} 12. Bxe4 dxe4 13. Qxe4 Bd5 14. Qg4 Qd7 15. Qxd7 Nxd7 16. Nc3 Bxf3 17. gxf3 {[#]} Bb4 $146 ({Predecessor:} 17... Rfd8 18. Be3 Nf8 19. Red1 Ng6 20. Rac1 Rac8 21. Ne4 Rxc1 22. Rxc1 Bb8 23. Nc5 b6 {1-0 (51) Abdusattorov,N (2644)-Sadhwani,R (2522) Moscow 2020}) 18. Bd2 Rfd8 19. Ne4 Bxd2 20. Nxd2 Nf6 21. Nb3 b6 22. Rac1 Nd5 23. a3 Rd6 24. Re4 Rad8 25. Kf1 a5 {[%mdl 1024] Black has compensation.} 26. a4 g5 27. Rc4 Kg7 28. Re1 Kg6 29. Nd2 Nb4 30. Nb3 Nd3 31. Re2 Nf4 $1 32. Re1 Rf6 33. Nd2 {[#]} (33. Rd1 $11) 33... Nd3 $1 $36 {[%cal Rd3e1][%mdl 2048] Keeping White busy.} 34. Rb1 Rf4 35. Rc6+ Kg7 36. Rxb6 Rdxd4 37. b3 {[#]} (37. b4 $15) 37... Nxf2 $1 {[%mdl 512]} 38. Ke2 (38. Kxf2 Rxd2+) 38... Rh4 39. Nf1 Nd3 40. Rb5 Nf4+ 41. Kf2 Rd3 42. Re5 $2 {This costs White the game.} (42. Rxa5 $17 Rh3 43. Kg1) 42... Rc3 $19 43. Rxa5 Rh3 44. Rb5 $2 (44. Re5) 44... Rhxf3+ 45. Kg1 Rc2 46. Rb6 Rff2 47. a5 Rg2+ 48. Kh1 Nh3 {Accuracy: White = 65%, Black = 89%.} 0-1

[Event "FIDE Chesscom Online Nations Cup"]
[Site "Online"]
[Date "2020.05.06"]
[Round "4"]
[White "Nepomniachtchi, Ian"]
[Black "Radjabov, Teimour"]
[Result "1-0"]
[WhiteElo "2778"]
[BlackElo "2758"]
[Annotator "TA"]
[PlyCount "93"]
[EventDate "2020.05.05"]
[EventType "team-tourn"]
[SourceTitle "playchess.com"]
[Source "ChessBase"]
[SourceQuality "1"]
[WhiteTeam "Russia"]
[BlackTeam "World"]
[WhiteTeamCountry "RUS"]
[BlackTeamCountry "AZE"]

{[%evp 13,93,13,13,8,12,7,11,2,10,12,9,12,8,8,6,6,29,14,33,25,39,10,13,7,7,8,6,0,0,0,0,0,44,40,56,47,75,72,81,81,81,81,83,84,84,80,80,82,96,87,87,80,90,89,90,90,90,0,75,75,85,66,78,68,88,76,112,112,107,32,122,111,112,119,401,393,379,371,520,479,739,719]} 1. d4 Nf6 2. c4 e6 3. Nf3 d5 4. Nc3 Be7 5. Bf4 O-O 6. e3 Nbd7 7. c5 {7.Be2 is more advanced technology. Played by Hikaru Nakamura in February 2020.} Nh5 8. Bd3 {D37: Queen's Gambit Declined: 5 Bf4.} Nxf4 9. exf4 b6 10. b4 {The position is equal.} a5 11. a3 c6 12. O-O Ba6 13. Bxa6 Rxa6 14. Qe2 Qa8 {[#] ...axb4 is the strong threat.} 15. b5 cxb5 $1 16. Qxb5 Ra7 $1 {[%cal Rb6c5]} 17. Ne5 ({Of course not} 17. cxb6 Nxb6 18. Qd3 (18. Qxb6 Rb8 $17) 18... Rc8 $15) (17. c6 $5 {[%cal Rc6d7]} Nb8 18. Rfc1 $11 (18. Qxb6 Nxc6 19. Qb5 Rc8 $15) (18. Ne5 Bf6 $11)) 17... Nxe5 18. cxb6 {[#]} Nc4 $146 ({Predecessor:} 18... Nf3+ 19. gxf3 Rb7 20. Na4 Qb8 21. Rfb1 Bd8 22. Qxa5 Qd6 23. Rb3 Rb8 24. Rab1 Bf6 {1-0 (35) Ticleanu,S (2049)-Splichal,J (2035) ICCF email 2017}) 19. bxa7 Qxa7 20. Ne2 Rb8 21. Qa4 g6 22. Ra2 Qb6 23. g3 Kg7 24. Rc1 Bf6 25. Qd1 Nb2 26. Qc2 Nc4 27. a4 Qb3 28. Qxb3 Rxb3 29. Rd1 h5 30. h4 Nd6 31. Rc1 Nc4 32. Kg2 Rb4 33. Rd1 Nd6 34. Rdd2 Nc4 35. Rd1 Nd6 $1 36. Kf1 Nc4 37. Rc1 Rb3 38. Ke1 Rb4 39. Raa1 Nd6 40. Rcb1 {Black must now prevent Rxb4.} Rc4 41. Ra2 ({White should try} 41. Rb6 $16 Nf5 42. Rb7) 41... Nf5 (41... Bxd4 $14 42. Nxd4 Rxd4) 42. Rb5 Bd8 43. Rb7 Nxd4 $2 {[%mdl 8192] [#] This costs Black the game.} (43... Kf8 $16) 44. Nxd4 $18 Rxd4 45. Rc2 Kf6 (45... Rc4 $142 46. Rxc4 dxc4) 46. Ke2 Rxa4 (46... Re4+ $142 47. Kf3 Rb4 48. Rxb4 axb4) 47. Rc8 {Accuracy: White = 92%, Black = 68%.} 1-0

[Event "FIDE Chesscom Online Nations Cup"]
[Site "Online"]
[Date "2020.05.06"]
[Round "4"]
[White "Yu, Yangyi"]
[Black "Harikrishna, Pentala"]
[Result "1/2-1/2"]
[WhiteElo "2738"]
[BlackElo "2690"]
[Annotator "TA"]
[PlyCount "65"]
[EventDate "2020.05.05"]
[EventType "team-tourn"]
[SourceTitle "playchess.com"]
[Source "ChessBase"]
[SourceQuality "1"]
[WhiteTeam "China"]
[BlackTeam "India"]
[WhiteTeamCountry "CHN"]
[BlackTeamCountry "IND"]

{[%evp 22,65,20,13,21,20,22,20,28,18,23,23,16,19,28,20,23,16,13,12,27,19,19,9,21,22,55,9,9,16,9,9,20,9,9,14,14,0,0,0,0,0,0,0,0,0]} 1. d4 Nf6 2. c4 e6 3. Nc3 d5 4. cxd5 exd5 5. Bg5 c6 6. Qc2 Na6 {[%cal Bb8a6,Ba6c7,Bc7e6,Be6g7,Bg7f5][%mdl 32]} 7. e3 Nc7 8. Bd3 Be7 9. Nf3 Ne6 10. Bh4 g6 11. O-O O-O 12. Rab1 a5 {D36: Queen's Gambit Declined: Exchange Variation: Main line (5 Bg5 c6 6 Qc2).} 13. a3 {[%cal Ba2a3,Ba3b4][%mdl 32]} Ng7 14. b4 axb4 15. axb4 Bf5 16. b5 Bxd3 17. Qxd3 Nf5 18. Bxf6 Bxf6 19. bxc6 bxc6 20. Rfc1 Qd6 21. Qc2 {[#]} Rfb8 $146 ({Predecessor:} 21... Ra6 22. Na4 Rfa8 23. Nc5 Ra2 24. Rb2 Ra1 25. g3 Qe7 26. Kg2 Nd6 27. Nd2 Rxc1 28. Qxc1 {1-0 (80) Dimitrov,V (2387)-Vaibhav,A (1957) Backi Petrovac 2016}) 22. Rxb8+ Rxb8 23. Na4 Rb4 24. Nc5 Rc4 {The position is equal.} 25. Qb1 (25. Qd1 {seems wilder.} Rxc1 26. Qxc1 Ng7 27. Nd3 Ne6 28. g3) 25... Rxc1+ 26. Qxc1 h5 27. h3 Ng7 28. Nd3 Ne6 29. Nd2 Kg7 30. Nb3 Qb8 31. Nbc5 Nxc5 32. Nxc5 h4 33. Nd7 {Accuracy: White = 94%, Black = 93%.} 1/2-1/2

[Event "FIDE Chesscom Online Nations Cup"]
[Site "Online"]
[Date "2020.05.06"]
[Round "4"]
[White "Giri, Anish"]
[Black "So, Wesley"]
[Result "1/2-1/2"]
[WhiteElo "2731"]
[BlackElo "2741"]
[Annotator "TA"]
[PlyCount "175"]
[EventDate "2020.05.05"]
[EventType "team-tourn"]
[SourceTitle "playchess.com"]
[Source "ChessBase"]
[SourceQuality "1"]
[WhiteTeam "Europe"]
[BlackTeam "United States"]
[WhiteTeamCountry "NED"]
[BlackTeamCountry "USA"]

{[%evp 23,175,16,18,22,16,16,14,12,9,12,8,4,17,8,21,0,10,14,14,18,36,13,25,0,0,0,0,0,0,0,0,0,0,0,0,0,0,-7,0,0,0,0,0,0,0,0,0,0,0,-46,-46,-60,-60,-77,-60,-77,-77,-96,-77,-102,-77,-77,-77,-77,-77,-77,-77,-77,-77,-77,-77,-77,-77,-77,-18,-26,0,-66,-26,-46,-46,-46,-46,-46,-46,-46,-46,-46,-46,-46,-46,-46,-46,-46,0,0,0,0,0,0,0,-46,-46,-46,-46,-46,-46,-46,-46,-46,-46,-46,0,-26,-26,-26,-26,-26,-26,-26,-26,-26,0,0,0,0,0,0,0,-26,-26,-26,-26,-26,0,0,0,-26,-26,-26,-26,-26,0,0,0,0,0,0,0,0,0,0,0,0]} 1. d4 Nf6 2. c4 e6 3. Nf3 d5 4. g3 Be7 5. Bg2 O-O 6. O-O dxc4 7. Qc2 a6 8. a4 Bd7 9. Qxc4 Bc6 10. Bg5 Bd5 11. Qc2 Be4 12. Qc1 $1 {12.Qc1 is better than 12.Qd1.} h6 13. Bxf6 {E05: Open Catalan: 5 Nf3 Be7.} Bxf6 14. Nbd2 Bxf3 15. Nxf3 a5 16. Qc3 Nc6 {[%cal Rc6d4]} 17. Rad1 Nb4 18. Ne5 c6 19. e4 {[#]} Bxe5 $146 ({Predecessor:} 19... Rc8 20. Ng4 c5 21. Nxf6+ Qxf6 22. e5 Qe7 23. d5 exd5 24. Bxd5 Rcd8 25. Bc4 Nc6 {0-1 (51) Adams,M (2761)-Harikrishna,P (2758) Shenzhen 2017}) 20. dxe5 Qb6 21. Rd6 Na6 22. Rfd1 Qc5 23. Qxc5 Nxc5 24. R1d4 $1 Rfc8 25. Bf1 b5 26. axb5 cxb5 27. Bxb5 Rab8 28. Ba6 Nxa6 29. Rxa6 Rxb2 $11 {[%mdl 4096] [#] Endgame Strongly threatening ...Rc1+. KRR-KRR} 30. Ra7 ({But not} 30. Rxa5 $2 Rc1+ 31. Kg2 Rcc2 $19) 30... Rb5 31. Rdd7 Rf8 32. Rd4 Rxe5 33. Ra4 Rb8 34. R7xa5 Rxa5 35. Rxa5 {KR-KR} Rb4 36. h4 Rxe4 37. Kg2 g6 38. Rb5 Kg7 39. Ra5 Rd4 40. Ra7 Kf6 41. Ra8 Kf5 42. Rh8 h5 43. Ra8 e5 44. Ra5 Rd2 45. Rb5 Ra2 46. Rc5 f6 47. Rb5 Ra4 48. Rc5 g5 (48... Rb4 $17) 49. hxg5 Kxg5 50. Rb5 (50. f4+ $11 Kf5 51. fxe5) 50... Re4 51. Rb8 Rg4 52. Kf3 Ra4 53. Rg8+ Kf5 54. Rh8 Ra3+ 55. Kg2 Kg6 56. Rg8+ Kh7 57. Rb8 Ra2 58. Re8 Kg6 59. Rg8+ Kf5 60. Rh8 Kg6 61. Rg8+ Kh7 62. Re8 Rb2 63. Rf8 Kg7 64. Re8 Rb4 65. Kf3 Ra4 66. Rb8 Kg6 67. Rg8+ Kf5 68. Rh8 e4+ 69. Kg2 Kg6 70. Rg8+ Kf7 71. Rh8 Ra5 72. Kf1 Rf5 73. Ke2 Re5 74. Ke3 Kg7 75. Ra8 Kg6 76. Kf4 Rf5+ 77. Kxe4 {[#] Threatens to win with Rg8+.} Rxf2 78. Rg8+ Kh6 79. Rh8+ Kg6 80. Rg8+ Kh7 81. Ra8 Rf1 82. Rb8 f5+ 83. Ke3 {The position is equal.} Kg6 84. Rg8+ Kh7 85. Ra8 Kg6 86. Rg8+ Kh7 87. Ra8 Kg6 88. Rg8+ {Accuracy: White = 93%, Black = 88%.} 1/2-1/2

[Event "FIDE Chesscom Online Nations Cup"]
[Site "Online"]
[Date "2020.05.06"]
[Round "4"]
[White "Karjakin, Sergey"]
[Black "Cori, Jorge"]
[Result "1-0"]
[WhiteElo "2709"]
[BlackElo "2599"]
[Annotator "TA"]
[PlyCount "75"]
[EventDate "2020.05.05"]
[EventType "team-tourn"]
[SourceTitle "playchess.com"]
[Source "ChessBase"]
[SourceQuality "1"]
[WhiteTeam "Russia"]
[BlackTeam "World"]
[WhiteTeamCountry "RUS"]
[BlackTeamCountry "PER"]

{[%evp 11,75,25,32,27,32,31,33,32,19,27,25,23,42,30,58,45,41,41,41,41,43,26,79,27,41,52,53,37,59,25,34,32,8,26,21,-77,33,45,121,116,270,279,266,21,15,18,16,21,18,13,270,262,263,197,186,182,187,180,166,170,145,122,121,122,135,125]} 1. e4 c5 2. Nf3 e6 3. d4 cxd4 4. Nxd4 Nc6 5. Nc3 Qc7 6. Be2 a6 7. Nxc6 {B47: Sicilian: Taimanov: 5 Nc3 Qc7 6 f4, 6 g3 and 6 Be2.} bxc6 8. Qd3 Nf6 9. Qg3 {White is slightly better.} Qxg3 10. hxg3 d5 11. g4 {[#]} Bb4 $146 ({Predecessor:} 11... Bb7 12. Rh3 Nxe4 13. Nxe4 dxe4 14. Be3 Rd8 15. Bd2 Bd6 16. Rb3 Rd7 17. O-O-O f6 {½-½ (94) Hameister,R (2421)-Dedina,M (2354) ICCF email 2017}) 12. Bd2 d4 13. e5 Nd7 14. Ne4 Bxd2+ 15. Nxd2 c5 16. Nc4 Ke7 (16... a5 $11) 17. Bf3 (17. Na5 $16) 17... Rb8 18. O-O-O Nb6 19. Na5 {Hoping for Nc6+.} Bd7 20. g5 Na4 $1 21. Bb7 Kd8 22. Rd3 Kc7 $1 {[%cal Rc7b6] aiming for ...Kb6.} 23. Rf3 {[#]} (23. Rb3 $1 $11 {keeps the balance.}) 23... Be8 (23... Kb6 $1 $17 {[%cal Rb6a5]} 24. Rxf7 {[%mdl 64] Double Attack} Be8 25. Nc4+ Ka7 26. Rxg7 Rxb7 27. Rxb7+ Kxb7 28. Nd6+ Kc6) 24. Rb3 $1 $14 c4 (24... Bb5 $14 25. Be4 h6) 25. Rb4 $36 {[%mdl 2048] White is really pushing.} Nc5 $2 (25... h6 $16 {was necessary.}) 26. Rxc4 $18 {[%mdl 64] Double Attack} Kb6 27. Bc6 $2 (27. Bf3 $18) 27... Bxc6 $11 28. Nxc6 Kxc6 29. b4 {[%mdl 64] [#] Pin} Rb5 30. Rh4 {Strongly threatening a4.} Rhb8 $2 {[%mdl 8192]} (30... Kb6 $1 $11 {and Black stays safe.}) 31. Rhxd4 $18 ({Not} 31. bxc5 Rb1+ 32. Kd2 Rf1 $14) (31. Rxc5+ Rxc5 32. bxc5 Kxc5 $14) 31... a5 {[%cal Rb5b4]} 32. a3 ({Resist} 32. bxc5 $6 Rb4 $16) 32... axb4 33. axb4 {[%mdl 64] Pin} Kc7 34. Rxc5+ Rxc5 35. bxc5 Kc6 36. Rd6+ Kxc5 37. Rd7 h6 38. gxh6 {Accuracy: White = 73%, Black = 65%.} 1-0

[Event "FIDE Chesscom Online Nations Cup"]
[Site "Online"]
[Date "2020.05.06"]
[Round "4"]
[White "Firouzja, Alireza"]
[Black "Artemiev, Vladislav"]
[Result "1/2-1/2"]
[WhiteElo "2703"]
[BlackElo "2769"]
[Annotator "TA"]
[PlyCount "154"]
[EventDate "2020.05.05"]
[EventType "team-tourn"]
[SourceTitle "playchess.com"]
[Source "ChessBase"]
[SourceQuality "1"]
[WhiteTeam "World"]
[BlackTeam "Russia"]
[BlackTeamCountry "RUS"]

{[%evp 10,154,33,21,18,21,32,26,31,21,32,27,30,22,25,18,13,17,47,44,43,0,0,0,0,0,0,-34,-21,-37,-35,-26,-27,-50,-60,-50,-78,-78,-7,-13,0,0,14,15,18,18,20,25,19,0,12,-27,-25,-43,40,36,48,37,85,16,16,17,89,89,89,89,89,89,105,121,139,133,139,135,160,160,158,138,124,25,13,17,108,97,118,29,57,33,29,8,55,61,74,44,47,38,34,23,29,18,36,26,34,0,15,0,35,0,0,0,42,8,10,14,17,14,82,91,79,88,139,49,47,12,33,0,46,0,0,0,0,0,0,0,0,0,0,0,0,0,0,0,0,0,0,0,0]} 1. e4 c5 2. Nf3 e6 3. d4 cxd4 4. Nxd4 Nc6 5. Nc3 a6 6. g3 Nxd4 {B46: Sicilian: Taimanov: 5 Nc3 a6.} 7. Qxd4 b5 {[%cal Bb7b5,Bb5b4][%mdl 32]} 8. Bg2 Bb7 {White has an edge.} 9. O-O Ne7 10. a4 Nc6 11. Qd1 b4 12. Nd5 Bc5 {[#]} 13. Qg4 $146 ({Predecessor:} 13. Nf4 O-O 14. Nd3 Ba7 15. a5 Nxa5 16. Nxb4 Nc6 17. Nd3 Qc7 18. Kh1 Ne7 19. Ra3 Rac8 20. Rb3 {0-1 (62) Polivanov,A (2351)-Anapolsky,S (2413) Alushta 2002}) 13... O-O {[#]} 14. Bh6 $1 {[%csl Gh6][%cal Rg4g7][%mdl 512]} Bd4 15. c3 bxc3 16. bxc3 Be5 $36 {[%mdl 2048] White is under pressure.} 17. f4 Bf6 $1 18. e5 exd5 19. exf6 Qxf6 {[%mdl 64] Double Attack} 20. Bg5 Qxc3 21. Qxd7 Rab8 22. Rac1 Qe3+ 23. Kh1 Qe6 (23... h6 $17 24. Bh4 Qe6 25. Qxe6 fxe6) 24. Qxd5 $11 Qxd5 25. Bxd5 Nd4 26. Bxb7 Rxb7 27. f5 h6 28. Be3 Rd8 29. Rc4 Rbd7 30. f6 g5 31. h4 gxh4 (31... Rd5 $15) 32. Rf4 $14 Ne6 $1 {[%cal Re6f4]} 33. Rxh4 {Rcg4+ is the strong threat.} Nf8 34. Bxh6 (34. Rxh6 $16 Rd6 35. Kg2) 34... Ng6 $11 35. Rhe4 Rd6 (35... Rd1+ $1 $11 36. Kg2 R8d6) 36. Kg2 $16 Rb8 37. Bg5 Rd5 {[#]} 38. Be3 $1 Rb2+ 39. Kh3 Rh5+ 40. Kg4 Rd5 {...Ne5+ would now be nice for Black.} 41. Bd4 Rd2 42. Bc3 R2d3 43. Rc8+ Kh7 44. Rc7 (44. Re2 $16 {Threatening mate with Rh2+.} Rd8 45. Rc7) 44... Kh6 $11 {Hoping for ...Rg5+.} 45. Kh3 Rf3 (45... Rg5 $11 46. Be1 Ne5) 46. Kg2 Rfd3 47. Be1 ({Better is} 47. Kf2 $16) 47... Rd7 48. Rxd7 (48. Rc8 {seems wilder.} Rd8 49. Rcc4 R8d5 50. Bc3 Rg5 51. g4) 48... Rxd7 $14 {[%mdl 4096] Endgame KRB-KRN} 49. Rc4 {next Rc6 is good for White.} Rd6 (49... Ne5 $5 {[%cal Re5c4]} 50. Re4 Nd3 $14) 50. Bc3 Kg5 51. Rc7 Rd3 52. Kf2 Kf5 53. Rc5+ Ke4 54. Rc4+ Kd5 55. Rc7 Ke4 56. Ba1 Rd1 57. Bc3 Rd3 58. Rc6 Kd5 59. Rc8 Ke4 60. Re8+ Kf5 61. Re3 Rd1 62. Ke2 Rb1 (62... Rd5 $11) 63. Kd3 $16 Rb8 64. Kc4 Rc8+ {[#]} (64... Nf8 $142) 65. Kd5 (65. Kb4 $1 $16) 65... Nf8 $1 $14 66. Re5+ Kg6 $1 67. Re3 Nd7 68. Rf3 Nb6+ {The position is equal.} 69. Kd6 Nxa4 70. Bd4 Rd8+ 71. Ke5 {Strongly threatening Ra3.} Rb8 72. Rf4 {And now Rg4+ would win.} Rb5+ 73. Kd6 Nb6 74. Rg4+ Kf5 75. Rf4+ Kg6 76. Rg4+ Kf5 77. Rf4+ Kg6 {Accuracy: White = 74%, Black = 73%.} 1/2-1/2

[Event "FIDE Chesscom Online Nations Cup"]
[Site "Online"]
[Date "2020.05.06"]
[Round "4"]
[White "Vidit, Santosh Gujrathi"]
[Black "Wang, Hao"]
[Result "0-1"]
[WhiteElo "2636"]
[BlackElo "2750"]
[Annotator "TA"]
[PlyCount "58"]
[EventDate "2020.05.05"]
[EventType "team-tourn"]
[SourceTitle "playchess.com"]
[Source "ChessBase"]
[SourceQuality "1"]
[WhiteTeam "India"]
[BlackTeam "China"]
[WhiteTeamCountry "IND"]
[BlackTeamCountry "CHN"]

{[%evp 13,58,37,37,35,37,29,38,38,31,41,33,39,40,29,29,-17,-8,-37,-46,-75,-71,-235,-266,-460,-391,-532,-532,-518,-507,-505,-506,-824,-810,-849,-841,-845,-845,-843,-839,-1043,-1040,-1918,-1810,-2035,-1345,-2039,-1830]} 1. d4 d5 2. c4 dxc4 3. e4 e5 4. Nf3 exd4 5. Bxc4 Nc6 6. O-O Be6 7. Bb5 Bc5 8. b4 {D20: Queen's Gambit Accepted: 3 e3 and 3 e4.} Bb6 9. a4 {[%cal Ba2a4,Ba4a5][%mdl 32] [#] Threatens to win with a5.} a6 10. Bxc6+ {White is slightly better.} bxc6 11. a5 Ba7 12. Bb2 {[%cal Rf3d4][%mdl 1024] White has compensation.} Nf6 13. Nbd2 O-O 14. Qc2 Re8 $36 {[%mdl 2048] [#] Black has some pressure.} 15. Rad1 $146 ({Predecessor:} 15. Rac1 Qb8 16. Ba3 Bd7 17. Rfe1 Qb5 18. Qc4 Ng4 19. Qxb5 axb5 20. Bb2 c5 21. bxc5 {1-0 (42) De Ruiter,D (2268)-De Strycker,N (2302) Haarlem 2019}) 15... Rb8 16. Ne5 Bd7 17. Ndc4 $2 {White does not recover from this.} (17. Nd3 $17 {is a better defense.}) 17... Rxb4 $19 18. Qd2 $2 (18. Bc1 {keeps fighting.}) 18... c5 {[%cal Bc6c5,Bc5d4][%mdl 32] White must now prevent ...Bb5.} 19. Bxd4 {Strongly threatening Bc3.} Rxc4 {Black is clearly winning.} 20. Ba1 {[#]} Rd4 $1 21. Bxd4 cxd4 22. Qf4 (22. Nxd7 $142 Qxd7 23. f3) 22... Bb5 23. Rfe1 Qd6 24. Nd3 Qxf4 25. Nxf4 Rxe4 26. Rxe4 Nxe4 27. Nd5 d3 28. Nxc7 Bxf2+ 29. Kh1 Bc4 {Accuracy: White = 25%, Black = 88%.} 0-1

[Event "FIDE Chesscom Online Nations Cup"]
[Site "Online"]
[Date "2020.05.06"]
[Round "4"]
[White "Muzychuk, Mariya"]
[Black "Girya, Olga"]
[Result "1/2-1/2"]
[WhiteElo "2506"]
[BlackElo "2471"]
[Annotator "TA"]
[PlyCount "167"]
[EventDate "2020.05.05"]
[EventType "team-tourn"]
[SourceTitle "playchess.com"]
[Source "ChessBase"]
[SourceQuality "1"]
[WhiteTeam "World"]
[BlackTeam "Russia"]
[WhiteTeamCountry "UKR"]
[BlackTeamCountry "RUS"]

{[%evp 14,166,38,40,36,35,38,12,25,22,29,0,-10,-6,11,-10,0,0,10,0,5,-62,-41,-54,-58,-61,-52,-78,-41,-53,26,0,0,0,49,49,45,40,61,29,29,0,0,0,0,0,17,19,23,0,24,25,134,114,114,127,135,0,85,86,83,0,0,-22,-2,0,-7,-187,77,-14,-12,-12,-16,-15,-30,-25,0,0,0,0,24,24,37,41,41,41,42,43,107,32,32,32,32,25,32,32,32,32,32,32,32,32,32,8,36,32,32,32,32,32,25,25,32,8,20,8,32,8,8,8,8,8,8,8,8,8,8,8,8,8,8,0,8,-22,0,0,0,0,0,0,0,0,0,0,0,0,0,0,0,0,0,0,0,0,0]} 1. e4 c6 2. d4 d5 3. Nc3 dxe4 4. Nxe4 Nf6 5. Nxf6+ exf6 6. c3 Bd6 7. Bd3 O-O 8. Qc2 Re8+ {B15: Caro-Kann: 3 Nc3: 3...g6 and 3...dxe4 4 Nxe4 Nf6 5 Nxf6+ exf6.} 9. Ne2 h5 $1 {9...h5 is better than 9...h6.} 10. Be3 Nd7 11. O-O-O Nf8 12. Ng3 g6 13. Ne4 Be7 14. h3 f5 15. Nd2 Be6 16. Kb1 b5 {[#]} 17. Be2 $146 ({White should try} 17. g4 $11 fxg4 18. hxg4 hxg4 19. Be4) ({Predecessor:} 17. g4 fxg4 18. hxg4 hxg4 19. Bf4 Bg5 20. Be5 f6 21. f4 gxf3 22. Nxf3 fxe5 23. Bxg6 {1-0 (34) Mamedov,R (2701)-Tikkanen,H (2510) Astana 2019}) 17... Qc7 {White must now prevent ...f4.} (17... Bd6 $5 {[%cal Rf5f4]} 18. Nf3 Bd5 $15) 18. Nb3 Bd5 19. Rhg1 Bd6 20. g3 Be4 21. Bd3 Rad8 (21... Bf3 $1 $15) 22. Bg5 Be7 23. Bf4 Bd6 24. Bxd6 Qxd6 25. Bxe4 Rxe4 26. Nc5 (26. g4 $5) 26... Re7 $1 27. g4 fxg4 28. hxg4 h4 29. g5 Qf4 30. Nd3 $36 {[%mdl 2048] White is pushing.} Qf5 31. Ne5 Qxc2+ (31... Rxe5 {feels hotter.} 32. dxe5 Rxd1+ 33. Rxd1 Qxg5 34. Rh1 Ne6) 32. Kxc2 Rd6 (32... c5 $1 $11) 33. Rg4 c5 34. Rxh4 cxd4 35. cxd4 ({White should play} 35. Rhxd4 $16 Ra6 36. f4) 35... Rc7+ (35... Ne6 $11) 36. Kb1 $16 Ne6 {[#]} 37. Rdh1 (37. f4 $1 $16 {Threatens to win with Rdh1.} Kg7 38. Ng4) 37... Nxg5 $11 38. Rh8+ Kg7 39. f4 Ne4 $1 40. Ng4 $2 {[#]} (40. R8h7+ $1 $11 Kf6 41. Rd1) 40... Nd2+ $2 (40... Nf6 $1 $19 {[%cal Rf6g4]} 41. Nxf6 Kxf6) 41. Ka1 {[%csl Gh8][%cal Rh1h7]} Rc1+ $1 42. Rxc1 {Threatening mate with Rch1.} Kxh8 {[%mdl 4096] Endgame KRN-KRN} 43. Rc7 Kg7 44. Ne5 Rxd4 45. Rxf7+ Kg8 46. b3 a5 47. Rf6 Ne4 48. Rxg6+ Kf8 49. Rg2 Nc3 50. Kb2 b4 (50... Nd1+ $14 51. Kc1 Nc3) 51. Nc6 (51. a4 $16) 51... Rxf4 $14 52. Nxa5 Nd1+ 53. Kc1 Nc3 54. Nc6 Rf1+ 55. Kc2 Nxa2 56. Kb2 Nc3 57. Nxb4 Nb5 58. Re2 Rf3 59. Rd2 Ke8 60. Nc6 Rf6 61. Nd4 Nc7 62. Kc3 Rd6 63. b4 Kd7 64. Kc4 Nd5 65. b5 Ne3+ {The position is equal.} 66. Kc3 Nd5+ 67. Kb3 {Nf5 is the strong threat.} Nb6 68. Rd3 Kc7 69. Kc3 Nd5+ 70. Kc4 Nb6+ 71. Kb4 Kb7 72. Kc3 Nd5+ 73. Kd2 Nb4 74. Rb3 Rxd4+ $11 {KRN-KR} 75. Kc3 Rd3+ (75... Rh4 {is more complex.} 76. Rxb4 Rxb4 77. Kxb4 Kb6 78. Kc4 Ka7) 76. Kxb4 Rxb3+ 77. Kxb3 {KP-K} Kb6 78. Kb4 Kb7 79. Kc5 Kc7 80. b6+ Kb7 81. Kb5 Kb8 82. Kc6 {b7 would kill now.} Kc8 83. b7+ Kb8 84. Kb6 {Accuracy: White = 78%, Black = 81%.} 1/2-1/2

[Event "FIDE Chesscom Online Nations Cup"]
[Site "Online"]
[Date "2020.05.06"]
[Round "4"]
[White "Koneru, Humpy"]
[Black "Hou, Yifan"]
[Result "1/2-1/2"]
[WhiteElo "2483"]
[BlackElo "2621"]
[Annotator "TA"]
[PlyCount "75"]
[EventDate "2020.05.05"]
[EventType "team-tourn"]
[SourceTitle "playchess.com"]
[Source "ChessBase"]
[SourceQuality "1"]
[WhiteTeam "India"]
[BlackTeam "China"]
[WhiteTeamCountry "IND"]
[BlackTeamCountry "CHN"]

{[%evp 21,75,9,11,14,16,17,21,17,13,0,0,0,-11,-14,0,-13,0,0,0,0,0,0,0,0,0,0,0,0,0,0,0,0,0,0,0,0,0,0,0,0,0,-24,-24,-38,-38,-46,-38,-45,-38,-38,0,-45,0,-38,0,-38]} 1. d4 Nf6 2. c4 e6 3. Nf3 d5 4. Nc3 Nbd7 5. cxd5 exd5 6. Bg5 c6 7. e3 Be7 8. Bd3 Ne4 9. Bxe7 Qxe7 10. Qc2 Ndf6 {10...f5 is not played anymore.} 11. O-O O-O 12. Ne5 {D35: Queen's Gambit Declined: Exchange Variation.} Re8 13. Rfe1 Bf5 14. Rac1 {[#]} Nxc3 $146 ({Predecessor:} 14... g6) 15. Qxc3 Bxd3 16. Qxd3 Ne4 17. Nf3 a5 18. Nd2 Nd6 19. a4 g6 20. h3 Kg7 21. Rc5 Qd8 22. Rcc1 Qb6 23. Qc3 Ne4 24. Nxe4 Rxe4 25. Rb1 Qb4 26. Qxb4 axb4 $11 {[%mdl 4096] Endgame KRR-KRR} 27. b3 f5 28. f3 Re6 29. Kf2 Kf6 30. h4 Ke7 31. Rbd1 Kd6 32. Rd3 b6 33. g3 Rae8 34. Red1 Rf8 35. R3d2 Rfe8 36. Rd3 Rf8 37. R3d2 Rfe8 38. Rd3 {Accuracy: White = 100%, Black = 100%.} 1/2-1/2